Dataset Open Access
Mertens, Michael W.;
Hügel, Sarah L.;
Hagen, Oliver;
Gutenthaler-Tietze, Sophie M.;
Weis, Patrick;
Drobot, Björn;
Daumann, Lena J.
<?xml version='1.0' encoding='UTF-8'?>
<record xmlns="http://www.loc.gov/MARC21/slim">
<leader>00000nmm##2200000uu#4500</leader>
<datafield tag="650" ind1="1" ind2="7">
<subfield code="a">cc-by</subfield>
<subfield code="2">opendefinition.org</subfield>
</datafield>
<datafield tag="542" ind1=" " ind2=" ">
<subfield code="l">open</subfield>
</datafield>
<datafield tag="024" ind1=" " ind2=" ">
<subfield code="a">10.14278/rodare.4754</subfield>
<subfield code="2">doi</subfield>
</datafield>
<controlfield tag="001">4754</controlfield>
<datafield tag="773" ind1=" " ind2=" ">
<subfield code="a">https://www.hzdr.de/publications/Publ-43586</subfield>
<subfield code="i">isIdenticalTo</subfield>
<subfield code="n">url</subfield>
</datafield>
<datafield tag="773" ind1=" " ind2=" ">
<subfield code="a">https://www.hzdr.de/publications/Publ-43584</subfield>
<subfield code="i">isReferencedBy</subfield>
<subfield code="n">url</subfield>
</datafield>
<datafield tag="773" ind1=" " ind2=" ">
<subfield code="a">10.14278/rodare.4748</subfield>
<subfield code="i">isVersionOf</subfield>
<subfield code="n">doi</subfield>
</datafield>
<datafield tag="245" ind1=" " ind2=" ">
<subfield code="a">Data publication: Synthesis of two methylolanthanin derivatives and the investigation of their lanthanide and iron binding capabilities</subfield>
</datafield>
<datafield tag="540" ind1=" " ind2=" ">
<subfield code="u">https://creativecommons.org/licenses/by/4.0/legalcode</subfield>
<subfield code="a">Creative Commons Attribution 4.0 International</subfield>
</datafield>
<datafield tag="980" ind1=" " ind2=" ">
<subfield code="a">dataset</subfield>
</datafield>
<datafield tag="260" ind1=" " ind2=" ">
<subfield code="c">2026-07-01</subfield>
</datafield>
<datafield tag="520" ind1=" " ind2=" ">
<subfield code="a"><p>Data archive underlying the publication &quot;Synthesis of two methylolanthanin derivatives and the investigation of their lanthanide and iron binding capabilities&quot;</p></subfield>
</datafield>
<datafield tag="100" ind1=" " ind2=" ">
<subfield code="a">Mertens, Michael W.</subfield>
</datafield>
<datafield tag="856" ind1="4" ind2=" ">
<subfield code="s">222297894</subfield>
<subfield code="u">https://rodare.hzdr.de/record/4754/files/Data_For_Paper.zip</subfield>
<subfield code="z">md5:18a38e3bcc7a77effec8faf181f141b8</subfield>
</datafield>
<datafield tag="909" ind1="C" ind2="O">
<subfield code="o">oai:rodare.hzdr.de:4754</subfield>
<subfield code="p">openaire_data</subfield>
<subfield code="p">user-rodare</subfield>
</datafield>
<datafield tag="980" ind1=" " ind2=" ">
<subfield code="a">user-rodare</subfield>
</datafield>
<datafield tag="700" ind1=" " ind2=" ">
<subfield code="a">Hügel, Sarah L.</subfield>
</datafield>
<datafield tag="700" ind1=" " ind2=" ">
<subfield code="a">Hagen, Oliver</subfield>
</datafield>
<datafield tag="700" ind1=" " ind2=" ">
<subfield code="a">Gutenthaler-Tietze, Sophie M.</subfield>
</datafield>
<datafield tag="700" ind1=" " ind2=" ">
<subfield code="a">Weis, Patrick</subfield>
</datafield>
<datafield tag="700" ind1=" " ind2=" ">
<subfield code="a">Drobot, Björn</subfield>
<subfield code="0">(orcid)0000-0003-1245-0466</subfield>
</datafield>
<datafield tag="700" ind1=" " ind2=" ">
<subfield code="a">Daumann, Lena J.</subfield>
</datafield>
<controlfield tag="005">20260701180219.0</controlfield>
</record>
| All versions | This version | |
|---|---|---|
| Views | 0 | 0 |
| Downloads | 0 | 0 |
| Data volume | 0 Bytes | 0 Bytes |
| Unique views | 0 | 0 |
| Unique downloads | 0 | 0 |